Astronomy : (Record no. 29421)
[ view plain ]
| 000 -LEADER | |
|---|---|
| fixed length control field | 00563 a2200169 4500 |
| 020 ## - INTERNATIONAL STANDARD BOOK NUMBER | |
| International Standard Book Number | 0697109232 |
| 020 ## - INTERNATIONAL STANDARD BOOK NUMBER | |
| International Standard Book Number | 9780697109231 |
| 082 ## - DEWEY DECIMAL CLASSIFICATION NUMBER | |
| Classification number | 520 |
| 090 ## - LOCALLY ASSIGNED LC-TYPE CALL NUMBER (OCLC); LOCAL CALL NUMBER (RLIN) | |
| -- | 796 |
| -- | 796 |
| 100 1# - MAIN ENTRY--PERSONAL NAME | |
| Personal name | Engelbrektson, Sune. |
| 245 10 - TITLE STATEMENT | |
| Title | Astronomy : |
| Remainder of title | through time and space / |
| Statement of responsibility, etc. | Sune Engelbrektson. |
| 260 ## - PUBLICATION, DISTRIBUTION, ETC. | |
| Place of publication, distribution, etc. | [S.l.] : |
| Name of publisher, distributor, etc. | Brown (William C.) Co ,U.S., |
| Date of publication, distribution, etc. | 1994 |
| 300 ## - PHYSICAL DESCRIPTION | |
| Extent | 464 p. ; |
| Dimensions | 27 cm. |
| 700 ## - ADDED ENTRY--PERSONAL NAME | |
| Personal name | Engelbrektson, Sune. |
| 942 ## - ADDED ENTRY ELEMENTS (KOHA) | |
| Institution code [OBSOLETE] | SNS |
| Koha item type | Book |
| Call number prefix | 520 ENG |
| Withdrawn status | Lost status | Damaged status | Not for loan | Permanent Location | Current Location | Date acquired | Total Checkouts | Full call number | Barcode | Date last seen | Price effective from | Koha item type |
|---|---|---|---|---|---|---|---|---|---|---|---|---|
| School of Natural Sciences (SNS) | School of Natural Sciences (SNS) | 05/26/2016 | 520 ENG | SNS0000964 | 05/26/2016 | 05/26/2016 | Book |
